skbl

Dr Suryya Kumar Bhuyan Library Web-OPAC
ডঃ সূৰ্য্য
কুমাৰ ভূঞা পুথিভঁৰাল ৱেব-অ'পেক

All Research Scholars are advised to clear the annual library fees to continue using Library Resources, Remote Access, Plagiarism Test and Library Clearance.

Cotton University Book Fair 2026

Assam Bandhu (1885-1886) / (Record no. 12375)

MARC details
000 -LEADER
fixed length control field 00816nam a2200313Ia 4500
001 - CONTROL NUMBER
control field 12389
005 - DATE AND TIME OF LATEST TRANSACTION
control field 20240113235355.0
007 - PHYSICAL DESCRIPTION FIXED FIELD--GENERAL INFORMATION
fixed length control field ta
008 - FIXED-LENGTH DATA ELEMENTS--GENERAL INFORMATION
fixed length control field 051019s1984 a g b000 u asm u
040 ## - CATALOGING SOURCE
Original cataloging agency Cotton College,Assam
041 ## - LANGUAGE CODE
Language code of text/sound track or separate title asm
082 ## - DEWEY DECIMAL CLASSIFICATION NUMBER
Classification number 891.41
Item number Sa 21 As
082 ## - DEWEY DECIMAL CLASSIFICATION NUMBER
Classification number 891.41408
Item number Sa 21 As
100 ## - MAIN ENTRY--PERSONAL NAME
Personal name Saikia, Nagen .
245 #0 - TITLE STATEMENT
Title Assam Bandhu (1885-1886) /
Statement of responsibility, etc. Nagen Saikia.
Medium Textual Documents
250 ## - EDITION STATEMENT
Edition statement 1st ed. /
260 ## - PUBLICATION, DISTRIBUTION, ETC.
Place of publication, distribution, etc. Guwahati :
Name of publisher, distributor, etc. Asam Prakashan Parishad ,
Date of publication, distribution, etc. 1984.
300 ## - PHYSICAL DESCRIPTION
Extent 574p. :
Other physical details ill ;
Dimensions 20cm .
653 ## - INDEX TERM--UNCONTROLLED
Uncontrolled term Assamese Essays-Collections
653 ## - INDEX TERM--UNCONTROLLED
Uncontrolled term G-Assamese
653 ## - INDEX TERM--UNCONTROLLED
Uncontrolled term Assamese Literature
653 ## - INDEX TERM--UNCONTROLLED
Uncontrolled term T/G-Assamese
942 ## - ADDED ENTRY ELEMENTS (KOHA)
Source of classification or shelving scheme Dewey Decimal Classification
Koha item type Books
Holdings
Withdrawn status Lost status Damaged status Not for loan Collection Home library Current library Date acquired Coded location qualifier Total checkouts Full call number Barcode Date last seen Copy number Price effective from Koha item type Date due Date last checked out
          Dr. Suryya Kumar Bhuyan Library Dr. Suryya Kumar Bhuyan Library 01/02/2012 00000   891.41 Sa 21 As 86008 13/01/2024 4 01/02/2012 Books    
          Dr. Suryya Kumar Bhuyan Library Dr. Suryya Kumar Bhuyan Library 01/02/2012 00000   891.41 Sa 21 As 83278 13/01/2024 1 01/02/2012 Books    
          Dr. Suryya Kumar Bhuyan Library Dr. Suryya Kumar Bhuyan Library 01/02/2012 00000   891.41 Sa 21 As 83279 13/01/2024 2 01/02/2012 Books    
          Dr. Suryya Kumar Bhuyan Library Dr. Suryya Kumar Bhuyan Library 01/02/2012 00000 2 891.41 Sa 21 As 86007 27/03/2026 3 01/02/2012 Books 23/04/2026 27/03/2026

Designed and Maintained by Team SKBL
©1901-2026

Powered by Koha